Statistics for NFL Opening-Day Starting Quarterbacks 2020

Click here to take the quiz!

General Stats

  • This quiz has been taken 8,973 times
  • The average score is 27 of 32

Answer Stats

TeamQuarterback% Correct
BuccaneersTom Brady
98%
PackersAaron Rodgers
95%
SaintsDrew Brees
94%
ChiefsPatrick Mahomes
94%
PatriotsCam Newton
93%
SeahawksRussell Wilson
93%
CowboysDak Prescott
92%
SteelersBen Roethlisberger
90%
RavensLamar Jackson
90%
FalconsMatt Ryan
90%
49ersJimmy Garoppolo
89%
BrownsBaker Mayfield
87%
EaglesCarson Wentz
87%
LionsMatthew Stafford
87%
RamsJared Goff
86%
ColtsPhilip Rivers
86%
RaidersDerek Carr
85%
TexansDeshaun Watson
85%
BillsJosh Allen
85%
BengalsJoe Burrow
84%
CardinalsKyler Murray
84%
VikingsKirk Cousins
83%
GiantsDaniel Jones
81%
BearsMitchell Trubisky
80%
DolphinsRyan Fitzpatrick
80%
TitansRyan Tannehill
80%
JetsSam Darnold
75%
JaguarsGardner Minshew
74%
PanthersTeddy Bridgewater
74%
BroncosDrew Lock
73%
ChargersTyrod Taylor
70%
WashingtonDwayne Haskins
64%

Score Distribution

Percentile by Number Answered

Percent of People with Each Score

Your Score History

You have not taken this quiz